[Event "WY Boys-U14"]
[Site "Porto Carras GRE"]
[Date "2010.10.20"]
[Round "1.1"]
[White "Rapport, Richard"]
[Black "Papadopoulos, Panayotis"]
[Result "1-0"]
[WhiteTitle "GM"]
[WhiteElo "2523"]
[BlackElo "2007"]
[WhiteFideId "738590"]
[BlackFideId "4222636"]
[EventDate "2010.10.20"]

1. Nf3 Nf6 2. c4 e6 3. g3 b6 4. Bg2 Bb7 5. O-O Be7 6. b3 O-O 7. Bb2 d6 8. Nc3 c5
9. e3 Nbd7 10. Qe2 a6 11. Rfd1 Qc7 12. Rac1 Rac8 13. d4 Rfd8 14. d5 exd5 15.
cxd5 b5 16. Ne1 Bf8 17. g4 Nb6 18. g5 Nfd7 19. a3 Re8 20. Qg4 Qd8 21. Ne2 a5 22.
Ng3 Ne5 23. Qe2 Ra8 24. Be4 Bc8 25. f4 Bg4 26. Nf3 Nxf3+ 27. Bxf3 Bxf3 28. Qxf3
a4 29. e4 axb3 30. Qxb3 Nc4 31. Qxb5 Nxb2 32. Qxb2 Qa5 33. Rd3 Reb8 34. Qe2 Qa4
35. Qa2 Qb5 36. Qc2 Ra4 37. Kg2 Rb7 38. h4 Rb8 39. h5 Rb7 40. Rc3 Qb2 41. Kf3
Qb5 42. Nf1 Rba7 43. Qb3 Qe8 44. Ng3 f6 45. gxf6 gxf6 46. Rg1 Kh8 47. Qb2 Rd4
48. Rb3 f5 49. Rb8 fxe4+ 50. Kf2 Qf7 51. Ne2 Ra4 52. Rg4 h6 53. Nxd4 cxd4 54.
Qc2 Rxa3 55. Qxe4 Ra2+ 56. Ke1 Ra1+ 57. Rb1 Rxb1+ 58. Qxb1 Qxd5 59. Qg6 Qa2 60.
Qf6+ Kh7 61. Qf5+ 1-0

[Event "WY Boys-U14"]
[Site "Porto Carras GRE"]
[Date "2010.10.21"]
[Round "2.1"]
[White "Nasuta, Grzegorz"]
[Black "Rapport, Richard"]
[Result "1-0"]
[BlackTitle "GM"]
[WhiteElo "2130"]
[BlackElo "2523"]
[WhiteFideId "1141686"]
[BlackFideId "738590"]
[EventDate "2010.10.20"]

1. e4 c6 2. d4 d5 3. Nc3 g6 4. Nf3 Bg7 5. exd5 cxd5 6. Bf4 Nf6 7. Bb5+ Bd7 8. a4
O-O 9. O-O Nc6 10. Be5 Bf5 11. Bxc6 bxc6 12. a5 Bh6 13. Re1 Ne4 14. Nxe4 Bxe4
15. Nd2 Bf5 16. Nb3 Re8 17. Nc5 Qc8 18. Ra3 Bf8 19. Rc3 f6 20. Bg3 e5 21. dxe5
Qb8 22. Nd3 Bxd3 23. cxd3 Bb4 24. Rb3 c5 25. Qf3 Qd6 26. Rc1 fxe5 27. d4 cxd4
28. Rxb4 Rac8 29. Rxc8 Rxc8 30. h3 Qxb4 31. Qxd5+ Kf8 32. Bxe5 Qe1+ 33. Kh2 Re8
34. Bxd4 a6 35. Bc5+ Kg7 36. Bd4+ Kf8 37. Qd6+ Qe7 38. Qxa6 Qf7 39. Qf6 Qxf6 40.
Bxf6 Kf7 41. Bd4 Ke6 42. a6 Kd5 43. Be3 Kc4 44. a7 Ra8 45. Kg3 Kb3 46. Kg4 h6
47. h4 Kxb2 48. h5 g5 49. Kf5 Rg8 50. Kf6 1-0

[Event "WY Boys-U14"]
[Site "Porto Carras GRE"]
[Date "2010.10.21"]
[Round "2.3"]
[White "Aghaei, Alireza"]
[Black "Girish, A. Koushik"]
[Result "0-1"]
[BlackTitle "FM"]
[WhiteElo "2112"]
[BlackElo "2342"]
[WhiteFideId "12509914"]
[BlackFideId "5038448"]
[EventDate "2010.10.20"]

1. d4 Nf6 2. c4 g6 3. Nc3 Bg7 4. e4 d6 5. f3 O-O 6. Bg5 Nbd7 7. Nge2 c6 8. Ng3
e5 9. d5 h6 10. Be3 cxd5 11. cxd5 h5 12. Bd3 h4 13. Nge2 Nh5 14. Qd2 a6 15. O-O
Re8 16. a4 b6 17. Na2 Nc5 18. Bc2 Bd7 19. Nb4 Rc8 20. Rfd1 a5 21. Nc6 Bxc6 22.
dxc6 Rxc6 23. Nc3 Ne6 24. Bb3 Nd4 25. Bxd4 exd4 26. Nb5 Rc5 27. Nxd4 Be5 28.
Rac1 Bf4 29. Qd3 Bxc1 30. e5 Nf4 31. Qe4 Qg5 0-1

[Event "WY Boys-U14"]
[Site "Porto Carras GRE"]
[Date "2010.10.21"]
[Round "2.7"]
[White "Alekseenko, Kirill"]
[Black "Akhmetov, Ayan"]
[Result "0-1"]
[WhiteTitle "FM"]
[WhiteElo "2284"]
[BlackElo "2090"]
[WhiteFideId "4135539"]
[BlackFideId "13703706"]
[EventDate "2010.10.20"]

1. e4 c5 2. Nf3 d6 3. d4 cxd4 4. Nxd4 Nf6 5. Nc3 a6 6. Be2 e6 7. O-O Nbd7 8. f4
Qc7 9. Bf3 Rb8 10. Re1 Be7 11. f5 Ne5 12. g4 Nxf3+ 13. Qxf3 Qb6 14. Be3 Qxb2 15.
Bf2 Qa3 16. g5 Ng4 17. Qxg4 Qxc3 18. Rad1 e5 19. Ne2 Qc4 20. Rd3 g6 21. Ng3 Qxc2
22. Rf3 Bd7 23. Nf1 Rg8 24. h4 gxf5 25. exf5 h6 26. Ne3 Qxa2 27. Qh5 hxg5 28.
Rg3 Bc6 29. Qg4 f6 30. h5 Kd7 31. h6 Rh8 32. Rh3 Rh7 33. Qb4 Qa4 34. Qb6 Rbh8
35. Bg3 Rxh6 36. Rxh6 Rxh6 37. Ng2 Qg4 38. Qb3 Rh1+ 39. Kf2 Qxf5+ 0-1

[Event "WY Boys-U14"]
[Site "Porto Carras GRE"]
[Date "2010.10.21"]
[Round "2.8"]
[White "Santos Latasa, Jaime"]
[Black "Dastan, Batuhan"]
[Result "1-0"]
[WhiteElo "2263"]
[BlackElo "2087"]
[WhiteFideId "2293307"]
[BlackFideId "6300014"]
[EventDate "2010.10.20"]

1. e4 c5 2. Nf3 d6 3. d4 cxd4 4. Nxd4 Nf6 5. Nc3 a6 6. h3 g6 7. Be3 Bg7 8. Qd2
O-O 9. g4 b5 10. Bg2 Bb7 11. O-O Nfd7 12. a4 bxa4 13. Rxa4 Nc5 14. Ra3 Nbd7 15.
b4 Ne6 16. Nb3 Rc8 17. Na5 Ba8 18. Nd5 f5 19. exf5 gxf5 20. f4 Nc7 21. c4 Ne8
22. Nxe7+ Qxe7 23. Bxa8 Nef6 24. Bf3 Ne4 25. Nc6 Qh4 26. Bxe4 fxe4 27. Bf2 Qf6
28. g5 Qe6 29. Qd5 Qxd5 30. cxd5 Ra8 31. Be3 Nb8 32. b5 Nxc6 33. bxc6 a5 34. Ra4
Bc3 35. Rc1 Bb4 36. Rb1 Rab8 37. Kf1 Rb5 38. Rd1 Kf7 39. f5 Ke8 40. f6 Kd8 41.
Kg2 Re8 42. Kg3 Re5 43. Kg4 Re8 44. h4 Kc7 45. h5 Rf8 46. Kf5 1-0

[Event "WY Boys-U14"]
[Site "Porto Carras GRE"]
[Date "2010.10.21"]
[Round "2.10"]
[White "Georgiadis, Nico"]
[Black "Carow, Johannes"]
[Result "1/2-1/2"]
[WhiteElo "2262"]
[BlackElo "2079"]
[WhiteFideId "1300113"]
[BlackFideId "24692050"]
[EventDate "2010.10.20"]

1. e4 c5 2. Nc3 a6 3. g3 b5 4. Bg2 Bb7 5. d3 e6 6. f4 d5 7. e5 Ne7 8. Be3 Nf5 9.
Bf2 Nc6 10. Qd2 c4 11. dxc4 Na5 12. cxb5 Nc4 13. Qc1 axb5 14. Nge2 Qa5 15. O-O
b4 16. Nd1 Bc5 17. b3 Na3 18. c4 bxc3 19. Qxc3 Bb4 20. Qf3 Rb8 21. g4 Ne7 22. f5
d4 23. Qf4 Bd2 24. Qg3 Bxg2 25. Qxg2 Nc2 26. f6 gxf6 27. exf6 Nd5 28. Nxd4 Nxa1
29. Nc6 Qxa2 30. Nxb8 Nxb3 31. Nc6 Qa6 32. Ne5 Nc1 33. Bg3 Ne2+ 34. Kh1 Nxg3+
35. hxg3 Bg5 36. Nf3 Bxf6 37. g5 Bg7 38. Re1 Qd3 39. Nf2 Qc2 40. Ne4 Qxg2+ 41.
Kxg2 Kd7 42. Rh1 h6 43. gxh6 Rxh6 1/2-1/2

[Event "WY Boys-U14"]
[Site "Porto Carras GRE"]
[Date "2010.10.21"]
[Round "2.11"]
[White "Ivekovic, Bozidar"]
[Black "Boruchovsky, Avital"]
[Result "0-1"]
[WhiteElo "2089"]
[BlackElo "2250"]
[WhiteFideId "14518848"]
[BlackFideId "2800055"]
[EventDate "2010.10.20"]

1. e4 e5 2. Nf3 Nc6 3. Bb5 a6 4. Ba4 Nf6 5. d3 d6 6. c3 g6 7. O-O Bg7 8. Nbd2
O-O 9. Re1 b5 10. Bc2 d5 11. Qe2 Be6 12. Bb3 h6 13. Nf1 Qe7 14. Bc2 Rfd8 15. d4
exd4 16. e5 d3 17. Bxd3 Nd7 18. Bf4 Nc5 19. Nd4 Nxd4 20. cxd4 Nxd3 21. Qxd3 c5
22. dxc5 Qxc5 23. Rac1 Qb6 24. Ng3 Bf8 25. b3 Rac8 26. Be3 Qa5 27. Ra1 Bb4 28.
Red1 Rc3 29. Qd4 Rc2 30. Qh4 Bc3 31. Rac1 Rxc1 32. Rxc1 Rc8 33. Bxh6 Bxe5 34.
Rxc8+ Bxc8 35. Qe7 Qe1+ 0-1

[Event "WY Boys-U14"]
[Site "Porto Carras GRE"]
[Date "2010.10.21"]
[Round "2.12"]
[White "Grib, Roman"]
[Black "Harutyunian, Tigran K."]
[Result "0-1"]
[WhiteElo "2250"]
[BlackElo "2063"]
[WhiteFideId "13506706"]
[BlackFideId "13303635"]
[EventDate "2010.10.20"]

1. e4 c5 2. Nf3 d6 3. d4 cxd4 4. Nxd4 Nf6 5. Nc3 g6 6. g3 Bg7 7. Bg2 O-O 8. O-O
Bd7 9. Nde2 Bc6 10. Nd5 Nbd7 11. Nec3 Rc8 12. Be3 a6 13. Re1 b5 14. a4 bxa4 15.
Bd4 e5 16. Be3 Nxd5 17. Nxd5 Bxd5 18. Qxd5 Nb6 19. Qa5 Nc4 20. Qxa4 Nxb2 21.
Qxa6 Nc4 22. Ba7 Qc7 23. Reb1 Nd2 24. Rd1 Qxc2 25. Be3 Nb3 26. Rab1 Nd4 27. Kh1
Rc6 28. Qb7 Rfc8 29. Rbc1 Qa4 30. Qxc8+ Rxc8 31. Rxc8+ Bf8 32. Rdc1 Kg7 33. R8c4
Qa2 34. Rc7 Nb3 35. Rf1 Qa5 36. Ra7 Qc5 37. f4 Qc4 38. f5 h5 39. f6+ Kh7 0-1

[Event "WY Boys-U14"]
[Site "Porto Carras GRE"]
[Date "2010.10.21"]
[Round "2.13"]
[White "Meng, Roger"]
[Black "Giroyan, Gary"]
[Result "0-1"]
[WhiteElo "2085"]
[BlackElo "2244"]
[WhiteFideId "1000152"]
[BlackFideId "680281"]
[EventDate "2010.10.20"]

1. d4 Nf6 2. Nf3 g6 3. g3 Bg7 4. Bg2 O-O 5. O-O d5 6. Ne5 Nbd7 7. c4 dxc4 8.
Nxc4 Nb6 9. Nxb6 axb6 10. Nc3 Ne8 11. d5 Nd6 12. Bf4 Bd7 13. e4 e5 14. Be3 f5
15. f3 Rf7 16. b3 Qf6 17. Ne2 g5 18. g4 f4 19. Bd2 h5 20. h3 Bf8 21. Bb4 Qh6 22.
Nc3 Be7 23. Qd3 Raf8 24. Rf2 hxg4 25. hxg4 Qh4 26. Kf1 Bxg4 27. Ke2 Bd7 28. Rh1
Qg3 29. Ke1 Rh7 30. Rg1 Rh2 31. Ne2 Qh4 32. a4 Bh3 33. Kf1 Nf5 34. Bxe7 Ne3+ 35.
Ke1 Nxg2+ 36. Kd2 Qxf2 37. d6 Qe3+ 0-1

[Event "WY Boys-U14"]
[Site "Porto Carras GRE"]
[Date "2010.10.21"]
[Round "2.14"]
[White "Chu, Wei Chao"]
[Black "Ynojosa, Felix Jose"]
[Result "0-1"]
[WhiteElo "2075"]
[BlackElo "2229"]
[WhiteFideId "8605661"]
[BlackFideId "3900258"]
[EventDate "2010.10.20"]

1. d4 Nf6 2. c4 e6 3. Nf3 b6 4. g3 Bb7 5. Bg2 c5 6. d5 exd5 7. Nh4 g6 8. cxd5
Bg7 9. O-O O-O 10. Nc3 d6 11. h3 a6 12. a4 Nbd7 13. e4 Ne8 14. f4 b5 15. Kh2 b4
16. Ne2 c4 17. Nd4 Nc5 18. Be3 Rc8 19. Qe2 a5 20. Bf2 Ba6 21. Qf3 c3 22. bxc3
bxc3 23. Rfc1 Bxd4 24. Bxd4 Nb3 25. Bxc3 Nxa1 26. Rxa1 Qb6 27. e5 Ng7 28. Re1
Qc5 29. Re3 dxe5 30. Bxe5 f6 31. Rc3 Qb4 32. Rb3 Qxa4 33. Bd6 Rfe8 34. Rb6 Be2
35. Qb3 Qxb3 36. Rxb3 Rc2 37. Kg1 Bc4 38. Rb1 Rd2 39. Bc7 Bxd5 40. Bxa5 Rd3 41.
Bxd5+ Rxd5 42. Be1 Red8 43. Kf2 Ne6 44. Bc3 Nc5 45. Ke2 Ne4 46. Be1 Re8 47. Kf3
Rd3+ 48. Kg2 Ra8 49. Rb2 Raa3 50. Rb8+ Kg7 51. Rb7+ Kh6 52. g4 Ra2+ 53. Kg1 Re3
54. Bb4 Rg3+ 55. Kh1 Rxh3+ 56. Kg1 Rg3+ 57. Kh1 Ra8 58. Re7 Rh3+ 0-1

[Event "WY Boys-U14"]
[Site "Porto Carras GRE"]
[Date "2010.10.21"]
[Round "2.16"]
[White "Tomici, Stefan"]
[Black "Usmanov, Vasily"]
[Result "1-0"]
[WhiteElo "2051"]
[BlackElo "2219"]
[WhiteFideId "1218417"]
[BlackFideId "4135741"]
[EventDate "2010.10.20"]

1. e4 c5 2. Nf3 d6 3. c3 Nf6 4. h3 Nc6 5. Bd3 d5 6. e5 Nd7 7. Bb5 e6 8. O-O a6
9. Bxc6 bxc6 10. d3 Be7 11. c4 O-O 12. Nc3 f6 13. exf6 Nxf6 14. Re1 Ne8 15. Na4
Bd6 16. b3 Qf6 17. Bb2 Qg6 18. Ne5 Qf5 19. Qf3 d4 20. Qxf5 Rxf5 21. Nf3 Rb8 22.
Ba3 Bd7 23. Re2 Nc7 24. Nxd4 Rh5 25. Nf3 Rf8 26. Nd2 Be5 27. Rd1 Bd4 28. Ne4 Re5
29. Bxc5 Bxc5 30. Naxc5 Be8 31. g4 Bg6 32. Nd7 Rxe4 33. dxe4 1-0

[Event "WY Boys-U14"]
[Site "Porto Carras GRE"]
[Date "2010.10.21"]
[Round "2.17"]
[White "Sahoo, Utkal Ranjan"]
[Black "Javidfar, Amirsalar"]
[Result "1-0"]
[WhiteElo "2213"]
[BlackElo "2040"]
[WhiteFideId "5034566"]
[BlackFideId "12507466"]
[EventDate "2010.10.20"]

1. e4 c5 2. Nf3 Nc6 3. d4 cxd4 4. Nxd4 g6 5. Nc3 Bg7 6. Be3 Nf6 7. Bc4 O-O 8.
Bb3 a5 9. O-O a4 10. Nxa4 Nxe4 11. Nb5 Ra6 12. c4 b6 13. Qe2 Nf6 14. f3 d6 15.
Nbc3 Na5 16. Bc2 Nb7 17. b4 Bd7 18. b5 Rxa4 19. Nxa4 Nc5 20. Nxc5 dxc5 21. a4
Be6 22. Rfd1 Qc7 23. Bf2 Nh5 24. Ra2 Nf4 25. Qf1 Qe5 26. Be4 f5 27. Bc6 Qc3 28.
Bd5 Bxd5 29. cxd5 Qb3 30. Rad2 Bc3 31. Rb1 Qxa4 32. Rdd1 Rd8 33. Rbc1 Be5 34.
Qe1 Bd4 35. Bxd4 cxd4 36. Qxe7 Qa8 37. Rc7 1-0

[Event "WY Boys-U14"]
[Site "Porto Carras GRE"]
[Date "2010.10.22"]
[Round "3.1"]
[White "Vaibhav, Suri"]
[Black "Lamard, Guillaume"]
[Result "1-0"]
[WhiteTitle "IM"]
[BlackTitle "FM"]
[WhiteElo "2418"]
[BlackElo "2186"]
[WhiteFideId "5045185"]
[BlackFideId "600261"]
[EventDate "2010.10.20"]

1. e4 e5 2. Nf3 Nc6 3. Bb5 a6 4. Ba4 Nf6 5. O-O Be7 6. Re1 b5 7. Bb3 d6 8. c3
O-O 9. h3 Na5 10. Bc2 c5 11. d4 Qc7 12. Nbd2 Bd7 13. Nf1 Nc4 14. d5 Nb6 15. b3
c4 16. b4 a5 17. N3h2 Ra6 18. a3 Rfa8 19. Rb1 axb4 20. cxb4 h6 21. Ng3 Nh7 22.
Ng4 Bg5 23. Ne3 g6 24. Ne2 h5 25. Nc3 Qd8 26. Ne2 Qf6 27. Rf1 Bf4 28. Qe1 Rxa3
29. Bxa3 Rxa3 30. Ra1 Rxa1 31. Qxa1 Qg5 32. h4 Qxh4 33. g3 Qg5 34. Ng2 Bd2 35.
Qa5 Nc8 36. Rd1 Bg4 37. Kf1 Bf3 38. Nh4 Bxe2+ 39. Kxe2 Bc3 40. Kf1 Qg4 41. Qxb5
Qh3+ 42. Ke2 Qg4+ 43. f3 Qxg3 44. Qxc4 Bd4 45. Qxc8+ Kg7 46. Rxd4 exd4 47. b5
Qh2+ 48. Kd3 Qf2 49. Bd1 Qe3+ 50. Kc2 d3+ 51. Kb3 Qd2 52. Qc3+ 1-0

[Event "WY Boys-U14"]
[Site "Porto Carras GRE"]
[Date "2010.10.22"]
[Round "3.3"]
[White "Laurusas, Tomas"]
[Black "Grandadam, Patrik"]
[Result "1-0"]
[WhiteElo "2291"]
[BlackElo "2159"]
[WhiteFideId "12803731"]
[BlackFideId "682438"]
[EventDate "2010.10.20"]

1. d4 d5 2. c4 e6 3. Nc3 c6 4. e4 dxe4 5. Nxe4 Bb4+ 6. Nc3 c5 7. a3 Bxc3+ 8.
bxc3 Qa5 9. Bd2 Nf6 10. Bd3 O-O 11. Nf3 Nc6 12. O-O Qc7 13. Qc2 h6 14. h3 Rd8
15. Be3 Na5 16. Rad1 b6 17. Ne5 Ba6 18. f4 cxd4 19. cxd4 Rac8 20. Rc1 Nd7 21.
Bh7+ Kf8 22. Nxf7 Kxf7 23. Qg6+ Ke7 24. Qxg7+ Kd6 25. c5+ Kd5 26. Qg4 e5 27.
fxe5 1-0

[Event "WY Boys-U14"]
[Site "Porto Carras GRE"]
[Date "2010.10.22"]
[Round "3.5"]
[White "Boruchovsky, Avital"]
[Black "Monev, Alexander"]
[Result "1-0"]
[WhiteElo "2250"]
[BlackElo "2136"]
[WhiteFideId "2800055"]
[BlackFideId "2910322"]
[EventDate "2010.10.20"]

1. e4 c5 2. Nf3 e6 3. c3 Nf6 4. e5 Nd5 5. d4 cxd4 6. cxd4 d6 7. Bc4 Nb6 8. Bd3
N8d7 9. Nc3 dxe5 10. Nxe5 Nxe5 11. dxe5 Be7 12. O-O O-O 13. Qc2 h6 14. Rd1 Qc7
15. Qe2 Nd7 16. Bf4 Nc5 17. Bc2 a5 18. Nb5 Qb6 19. Qg4 f5 20. exf6 Rxf6 21. Nd6
Bxd6 22. Bxd6 Nd7 23. Qe2 Nf8 24. Rac1 Bd7 25. Bc5 Bb5 26. Qe3 Qa6 27. Rd6 Bc6
28. Bd3 b5 29. Bd4 e5 30. Qxe5 Ng6 31. Bxg6 1-0

[Event "WY Boys-U14"]
[Site "Porto Carras GRE"]
[Date "2010.10.22"]
[Round "3.6"]
[White "Giroyan, Gary"]
[Black "Nasuta, Grzegorz"]
[Result "0-1"]
[WhiteElo "2244"]
[BlackElo "2130"]
[WhiteFideId "680281"]
[BlackFideId "1141686"]
[EventDate "2010.10.20"]

1. e4 c5 2. Nf3 d6 3. d4 cxd4 4. Nxd4 Nf6 5. Nc3 e6 6. Bc4 Be7 7. Bg5 O-O 8. f4
Nxe4 9. Nxe4 d5 10. Qe2 Qa5+ 11. c3 Bxg5 12. Nxg5 dxc4 13. Qxc4 h6 14. Ngf3 Nd7
15. O-O Nf6 16. Ne5 Qd5 17. Qe2 b6 18. b3 Bb7 19. Rad1 Rfd8 20. Kh1 Qc5 21. Qe3
Nd5 22. Qh3 Nxc3 23. b4 Qxb4 24. Nxf7 Kxf7 25. Rde1 Qxd4 26. Qxe6+ Kf8 27. Re5
Be4 28. f5 Qd6 0-1

[Event "WY Boys-U14"]
[Site "Porto Carras GRE"]
[Date "2010.10.22"]
[Round "3.7"]
[White "Ynojosa, Felix Jose"]
[Black "Shetty, Atulya"]
[Result "1-0"]
[WhiteElo "2229"]
[BlackElo "2092"]
[WhiteFideId "3900258"]
[BlackFideId "2031213"]
[EventDate "2010.10.20"]

1. Nf3 d5 2. e3 Nf6 3. b3 Bg4 4. Bb2 Nbd7 5. Be2 Bxf3 6. Bxf3 e5 7. d4 e4 8. Be2
Bd6 9. c4 c6 10. Nc3 O-O 11. O-O a6 12. a4 Qe7 13. Qc1 Qe6 14. Ba3 Ne8 15. f3
Bxa3 16. Qxa3 Nd6 17. fxe4 Nxe4 18. Nxe4 Qxe4 19. Rf3 Rae8 20. Qb4 Qc2 21. Bf1
Nf6 22. Re1 Ne4 23. Re2 Qd1 24. cxd5 cxd5 25. Re1 Qd2 26. Qxd2 Nxd2 27. Rf5 Rd8
28. b4 Ne4 29. Bd3 g6 30. Re5 f6 31. Re6 Nd6 32. Re7 Rf7 33. Rxf7 Kxf7 34. Rc1
Rc8 35. Rc5 Ke6 36. Kf2 f5 37. Kf3 Rxc5 38. bxc5 Nf7 39. g4 fxg4+ 40. Kxg4 Kf6
41. Bc2 Nh6+ 42. Kf3 Nf5 43. Bb3 Ke6 44. Ke2 g5 45. Kd3 h5 46. e4 Ne7 47. exd5+
Kd7 48. Ke4 h4 49. Bd1 a5 50. Bf3 Ke8 51. Ke5 Kd8 52. d6 Ng6+ 53. Kf5 Nf4 54.
Bxb7 Kd7 55. Be4 Ne2 56. Ke5 Nc3 57. c6+ Ke8 58. c7 1-0

[Event "WY Boys-U14"]
[Site "Porto Carras GRE"]
[Date "2010.10.22"]
[Round "3.8"]
[White "Akhmetov, Ayan"]
[Black "Sahoo, Utkal Ranjan"]
[Result "0-1"]
[WhiteElo "2090"]
[BlackElo "2213"]
[WhiteFideId "13703706"]
[BlackFideId "5034566"]
[EventDate "2010.10.20"]

1. e4 e6 2. d4 d5 3. Nc3 Nf6 4. Bg5 dxe4 5. Nxe4 Nbd7 6. Bd3 h6 7. Bf4 Nxe4 8.
Bxe4 Nf6 9. Bf3 Bd6 10. Ne2 O-O 11. O-O Bxf4 12. Nxf4 Qd6 13. Nh5 Nxh5 14. Bxh5
Bd7 15. Bf3 Bc6 16. c3 Rad8 17. Re1 Rd7 18. h3 Rfd8 19. Qe2 Bxf3 20. Qxf3 Qb6
21. b4 Qb5 22. a4 Qc4 23. a5 Rd5 24. Re3 a6 25. Qe2 Qc6 26. f4 R8d6 27. Qf3 f6
28. Rae1 Kf7 29. g4 Rb5 30. Qe2 b6 31. f5 bxa5 32. c4 Rxb4 33. c5 Rdxd4 34.
fxe6+ Ke7 35. Qc2 Qa4 36. Qh2 Rf4 37. Qd2 Rbd4 38. Qg2 Rd1 39. Qb2 Rxe1+ 40.
Rxe1 0-1

[Event "WY Boys-U14"]
[Site "Porto Carras GRE"]
[Date "2010.10.22"]
[Round "3.9"]
[White "Svane, Rasmus"]
[Black "Tomici, Stefan"]
[Result "0-1"]
[WhiteElo "2208"]
[BlackElo "2051"]
[WhiteFideId "4657101"]
[BlackFideId "1218417"]
[EventDate "2010.10.20"]

1. d4 d5 2. c4 e6 3. Nc3 c5 4. cxd5 exd5 5. Nf3 Nc6 6. g3 Nf6 7. Bg2 Be7 8. O-O
O-O 9. b3 Bg4 10. dxc5 Bxc5 11. Bb2 Rc8 12. Rc1 Re8 13. h3 Bf5 14. e3 Bf8 15.
Ne2 Ne4 16. Nf4 Be6 17. Nd4 Nxd4 18. Qxd4 Qb6 19. Nxe6 Qxe6 20. Rxc8 Rxc8 21.
Qxa7 Rc2 22. Bd4 Nd2 23. Qxb7 Nxf1 24. Bxd5 Qe7 25. Qxe7 Bxe7 26. Kxf1 Rxa2 27.
b4 Rd2 28. b5 Bd8 29. Be4 Kf8 30. Ke1 Ba5 31. Kf1 Bd8 32. Bc5+ Be7 33. Bxe7+
Kxe7 34. b6 Rb2 35. b7 h6 36. Kg2 Kd6 37. g4 Kc7 38. Kg3 Rb3 39. h4 f6 40. h5
Ra3 41. Bd5 Rd3 42. Be4 Rb3 43. Kf4 Rb5 44. f3 Kd6 45. Kg3 Rb4 46. Kf2 Kc7 47.
Ke2 Rb3 48. Bd5 Rb4 49. e4 Kd6 50. Ke3 Ke5 51. f4+ Kd6 52. Kf3 Kc5 53. g5 f5 54.
Ke3 Rb2 55. Be6 fxe4 56. Bc8 Kd5 57. f5 hxg5 58. f6 gxf6 59. h6 f5 60. Bxf5 Rb3+
61. Kf2 Rxb7 62. h7 Rb8 63. Ke3 Rb3+ 64. Kf2 Rb2+ 65. Ke3 Rh2 66. Bxe4+ Ke5 67.
Kf3 Rh1 68. Bc2 Kf6 69. Kg4 Rg1+ 70. Kf3 Kg7 71. Bf5 Kh8 72. Kf2 Rh1 73. Kg2 Rh4
74. Kg3 Kg7 75. Bc2 Kf6 76. Bb1 Kg7 77. Bc2 Rh1 78. Bd3 Rg1+ 79. Kf2 Rd1 80. Be4
Rd4 81. Ke3 Rb4 82. Bc2 Rf4 83. Bd3 Rf8 84. Be4 g4 0-1

[Event "WY Boys-U14"]
[Site "Porto Carras GRE"]
[Date "2010.10.22"]
[Round "3.10"]
[White "Harutyunian, Tigran K."]
[Black "Javanbakht, Nima"]
[Result "1-0"]
[WhiteElo "2063"]
[BlackElo "2204"]
[WhiteFideId "13303635"]
[BlackFideId "12510670"]
[EventDate "2010.10.20"]

1. Nf3 d5 2. d4 c6 3. c4 e6 4. e3 Nf6 5. b3 Nbd7 6. Nbd2 Be7 7. Bd3 O-O 8. Bb2
b6 9. Ne5 Nxe5 10. dxe5 Nd7 11. cxd5 Nc5 12. Be2 cxd5 13. O-O a5 14. a3 Bd7 15.
Nf3 Qb8 16. Bd4 Rc8 17. Qb1 a4 18. b4 Nb3 19. Ra2 Ra7 20. Bd3 h6 21. Rc2 Rxc2
22. Bxc2 Nxd4 23. exd4 Rc7 24. Rc1 Bb5 25. Bd1 Qc8 26. Rxc7 Qxc7 27. Qc2 Qc4 28.
h3 Qf1+ 29. Kh2 Bd3 30. Qd2 Be4 31. h4 Bxf3 32. Bxf3 Bxh4 33. g3 Bg5 34. Qc2 Bc1
35. Bg2 Qe1 36. Qc6 Bxa3 37. Qe8+ Kh7 38. Qxf7 Bb2 39. Qxe6 Qxf2 40. Qxd5 Bxd4
41. e6 Bf6 42. e7 Bxe7 43. Qe4+ Kh8 44. Qxe7 a3 45. Qd8+ Kh7 46. Qd3+ g6 47.
Qxa3 h5 48. Qa7+ Kh6 49. Qc7 g5 50. Qc6+ Kg7 51. Qf3 Qd2 52. Qb7+ Kh8 53. Qxb6
h4 54. Qb8+ Kh7 55. gxh4 gxh4 56. b5 Kg7 57. Qc7+ Kf6 58. b6 h3 59. Qc6+ Kg7 60.
b7 Qf4+ 61. Kxh3 Qf5+ 62. Kg3 Qg5+ 63. Kf3 Qh5+ 64. Ke3 Qg5+ 65. Kd3 Qf5+ 66.
Be4 Qf1+ 67. Kc2 Qf2+ 68. Kb3 Qf7+ 69. Bd5 Qf5 70. Qc3+ Kh6 71. Qd2+ Kh5 72.
Qd1+ 1-0

[Event "WY Boys-U14"]
[Site "Porto Carras GRE"]
[Date "2010.10.22"]
[Round "3.11"]
[White "Flermoen, Peter"]
[Black "Shiven, Khosla"]
[Result "0-1"]
[WhiteElo "2155"]
[BlackElo "2354"]
[WhiteFideId "1507303"]
[BlackFideId "5026415"]
[EventDate "2010.10.20"]

1. e4 c5 2. Nc3 d6 3. g3 g6 4. Bg2 Bg7 5. d3 Nc6 6. f4 e6 7. Nf3 Nge7 8. Be3 Rb8
9. Rb1 O-O 10. O-O b6 11. Bf2 Bb7 12. d4 cxd4 13. Nxd4 Nxd4 14. Bxd4 e5 15. Be3
f5 16. Qd3 d5 17. Rbd1 Qc8 18. Nxd5 Nxd5 19. Qb3 exf4 20. Rxf4 fxe4 21. Bxe4
Rxf4 22. Bxf4 Qc5+ 23. Kh1 Rd8 24. c4 Qe7 25. Qd3 Bxb2 26. Bxd5+ Kh8 27. Qd2 Bf6
28. Re1 Qc5 29. Bh6 Bc6 30. Qg2 Bxd5 31. cxd5 Kg8 32. Qf3 Bd4 33. h4 Bg7 34. Bg5
Rf8 35. Bf4 Bh6 36. Qe4 Bxf4 37. gxf4 Qd6 38. Qe5 Qd7 39. Re3 Qg4 40. Qe6+ Qxe6
41. dxe6 Re8 42. a4 Kg7 43. a5 Kf6 44. axb6 axb6 45. Rb3 Rxe6 46. Rb5 Ke7 47.
Kg2 Kd7 48. Kf3 Kc6 49. Rb1 b5 50. Kg4 Re7 51. h5 Rf7 52. hxg6 hxg6 53. Rc1+ Kb6
54. Rb1 Rf6 55. Kg5 Rf5+ 56. Kg4 Rd5 57. Rc1 Rd6 58. Rb1 Re6 59. Kg5 Kc5 60.
Rc1+ Kd4 61. Rh1 b4 62. Rh6 Re1 63. Kxg6 Re6+ 64. Kg5 Rxh6 65. Kxh6 Ke4 66. Kg5
b3 67. f5 b2 0-1

[Event "WY Boys-U14"]
[Site "Porto Carras GRE"]
[Date "2010.10.22"]
[Round "3.13"]
[White "Drozdowski, Kacper"]
[Black "Ikramul, Haque Siam"]
[Result "1-0"]
[WhiteTitle "FM"]
[WhiteElo "2303"]
[BlackElo "2038"]
[WhiteFideId "1136720"]
[BlackFideId "10202595"]
[EventDate "2010.10.20"]

1. e4 c5 2. Nf3 d6 3. d4 cxd4 4. Nxd4 Nf6 5. Nc3 g6 6. Bc4 Bg7 7. O-O O-O 8. Bb3
Nc6 9. h3 Nxd4 10. Qxd4 Be6 11. Bxe6 fxe6 12. Qb4 Qb6 13. Qc4 Kf7 14. Be3 Qc6
15. Qd3 Kg8 16. Rad1 a6 17. Bd4 e5 18. Be3 b5 19. Rd2 Rac8 20. a3 Qc4 21. Rfd1
Qxd3 22. cxd3 Kf7 23. d4 exd4 24. Bxd4 Nd7 25. Bxg7 Kxg7 26. Nd5 Kf7 27. f4 Rc4
28. e5 dxe5 29. Ne3 Re4 30. Ng4 Nf6 31. Nxe5+ Ke6 32. Nf3 h6 33. Ne5 g5 34. Nd3
Rc8 35. b4 Kf7 36. fxg5 hxg5 37. Nc5 Re3 38. Nxa6 Rxa3 39. Nc5 Rh8 40. Re1 Rh4
41. Rde2 Rxb4 42. Rxe7+ Kg6 43. Ne6 Re4 44. Rf1 1-0